| 000 | 01471nam a2200253Ia 4500 | ||
|---|---|---|---|
| 003 | Ost | ||
| 005 | 20260507075256.0 | ||
| 008 | 260507s9999||||xx |||||||||||||| ||und|| | ||
| 020 | _a9789931659211 | ||
| 040 | _cfsecg | ||
| 041 | _aara | ||
| 082 | _a338.73 | ||
| 100 |
_aدحو، مختار _eمؤلف |
||
| 245 | 0 |
_aالقرارات الجماعية العادية في شركة المساهمة -دراسة مقارنة- : القرارات المتعلقة بالمصداقية والترخيص والمراقبة / _c مختار دحو |
|
| 246 | _aLes décision collectives ordinaires dans la société par action.-Etude comparée | ||
| 260 |
_aتلمسان : _bالمكتب الجامعي الحديث, _c2011 |
||
| 300 |
_a162 صفحة؛ _bإيضاحات ؛ _c24 سم |
||
| 504 | _aقائمة المختصرات ص.07 | ||
| 520 | _aالمصادقة على الحسابات و تقرير توزيع الأرباح بتناول إقفال السنة المالية و المصادقة على الحسابات و توزيع الأرباح بين المساهمين و إجراء الاقتطاعات كما تم التطرق الى القرارات المتعلقة بالترخيص و الرقابة بتناول الترخيصات القانونية و النظامية و القرارات المتعلقة بالرقابة . | ||
| 653 | _aالأرباح | ||
| 653 | _aالتراخيص | ||
| 653 | _aالشركات المساهمة | ||
| 942 | _cكتاب | ||
| 999 |
_c43753 _d43753 |
||